<?xml version="1.0" encoding="UTF-8"?>
<record
    xmlns:xsi="http://www.w3.org/2001/XMLSchema-instance"
    xsi:schemaLocation="http://www.loc.gov/MARC21/slim http://www.loc.gov/standards/marcxml/schema/MARC21slim.xsd"
    xmlns="http://www.loc.gov/MARC21/slim">

  <leader>01789nam a2200301 u 4500</leader>
  <controlfield tag="001">60453</controlfield>
  <controlfield tag="005">20260428111211.0</controlfield>
  <controlfield tag="008">960313s1990       ||||||m|         spa  </controlfield>
  <datafield tag="035" ind1=" " ind2=" ">
    <subfield code="a">60453</subfield>
  </datafield>
  <datafield tag="040" ind1=" " ind2=" ">
    <subfield code="c">comduadb</subfield>
  </datafield>
  <datafield tag="041" ind1=" " ind2=" ">
    <subfield code="a">spa</subfield>
  </datafield>
  <datafield tag="080" ind1=" " ind2=" ">
    <subfield code="a">T</subfield>
  </datafield>
  <datafield tag="082" ind1=" " ind2="4">
    <subfield code="a">157</subfield>
  </datafield>
  <datafield tag="100" ind1="1" ind2="0">
    <subfield code="a">Arroyave Ocampo, Juan de Jes&#xFA;s</subfield>
    <subfield code="4">aut</subfield>
    <subfield code="e">aut</subfield>
    <subfield code="9">525244</subfield>
  </datafield>
  <datafield tag="245" ind1="1" ind2="3">
    <subfield code="a">El hacer del psic&#xF3;logo en el programa integraci&#xF3;n docente asistencial</subfield>
  </datafield>
  <datafield tag="260" ind1=" " ind2=" ">
    <subfield code="a">Medell&#xED;n :</subfield>
    <subfield code="b">Autor(a),</subfield>
    <subfield code="c">1990.</subfield>
  </datafield>
  <datafield tag="300" ind1=" " ind2=" ">
    <subfield code="a">111 p&#xE1;ginas</subfield>
  </datafield>
  <datafield tag="505" ind1=" " ind2=" ">
    <subfield code="a">CONTENIDO : Introducci&#xF3;n. -- 1: Objetivos. -- 1.1: Generales. -- 1.2: Espec&#xED;ficos. -- 2: Programa integraci&#xF3;n docente asistencial. -- 2.1: Qu&#xE9; es un programa integraci&#xF3;n docente asistencial. -- 2.2: Aspectos particulares del programa multidisciplinario de integraci&#xF3;n docente asistencial. -- 2.3: Caracter&#xED;sticas de la poblaci&#xF3;n donde se adscribe el programa de integraci&#xF3;n docente asistencial. -- 2.4: Constituci&#xF3;n de subprogramas espec&#xED;ficos de la integraci&#xF3;n docente asistencial. -- 3: Papel de la psicolog&#xED;a en el programa de integraci&#xF3;n docente asistencial. -- 3.1: La psicolog&#xED;a como un &#xE1;rea espec&#xED;fica en los programas integraci&#xF3;n docente asistencial. -- 3.2: El psic&#xF3;logo y el trabajo interdisciplinario. -- 3.3: El desarrollo de la psicolog&#xED;a de la comunidad. -- 4: Conclusiones. -- 5: Recomendaciones. -- Bibliograf&#xED;a. -- Anexo.</subfield>
  </datafield>
  <datafield tag="650" ind1=" " ind2="7">
    <subfield code="a">Psicolog&#xED;a cl&#xED;nica</subfield>
    <subfield code="2">lemb</subfield>
    <subfield code="9">1353</subfield>
  </datafield>
  <datafield tag="650" ind1=" " ind2=" ">
    <subfield code="a">Programas de salud - Medellin</subfield>
    <subfield code="9">29762</subfield>
  </datafield>
  <datafield tag="650" ind1=" " ind2=" ">
    <subfield code="a">Programa Integracion Docente Asistencial - Medellin</subfield>
    <subfield code="9">49105</subfield>
  </datafield>
  <datafield tag="650" ind1=" " ind2=" ">
    <subfield code="a">Perfil profesional del psicologo</subfield>
    <subfield code="9">168968</subfield>
  </datafield>
  <datafield tag="700" ind1="1" ind2="0">
    <subfield code="a">Cantero Argumedo, Dalba</subfield>
    <subfield code="4">aut</subfield>
    <subfield code="e">aut</subfield>
    <subfield code="9">259404</subfield>
  </datafield>
  <datafield tag="700" ind1="1" ind2="0">
    <subfield code="a">Osorio Zapata, Fredy Hernan</subfield>
    <subfield code="4">aut</subfield>
    <subfield code="e">aut</subfield>
    <subfield code="9">482172</subfield>
  </datafield>
  <datafield tag="942" ind1=" " ind2=" ">
    <subfield code="c">TESIS</subfield>
  </datafield>
  <datafield tag="999" ind1=" " ind2=" ">
    <subfield code="c">13984</subfield>
    <subfield code="d">13984</subfield>
  </datafield>
  <datafield tag="502" ind1=" " ind2=" ">
    <subfield code="b">105</subfield>
    <subfield code="c">12</subfield>
  </datafield>
  <datafield tag="526" ind1=" " ind2=" ">
    <subfield code="a">106</subfield>
  </datafield>
  <datafield tag="952" ind1=" " ind2=" ">
    <subfield code="0">0</subfield>
    <subfield code="1">0</subfield>
    <subfield code="4">0</subfield>
    <subfield code="7">0</subfield>
    <subfield code="8">ANTIOQUIA</subfield>
    <subfield code="a">BC</subfield>
    <subfield code="b">BC</subfield>
    <subfield code="d">1998-05-13</subfield>
    <subfield code="i">C98772</subfield>
    <subfield code="l">0</subfield>
    <subfield code="o">157.9 A779h</subfield>
    <subfield code="p">61000002207781</subfield>
    <subfield code="r">2023-04-20 00:00:00</subfield>
    <subfield code="t">1</subfield>
    <subfield code="w">2023-04-20</subfield>
    <subfield code="y">TESISI</subfield>
  </datafield>
  <datafield tag="952" ind1=" " ind2=" ">
    <subfield code="0">0</subfield>
    <subfield code="1">0</subfield>
    <subfield code="4">0</subfield>
    <subfield code="7">0</subfield>
    <subfield code="8">TESISBC</subfield>
    <subfield code="a">BC</subfield>
    <subfield code="b">BC</subfield>
    <subfield code="d">2002-07-18</subfield>
    <subfield code="e">Material adquirido por donaci&#xF3;n</subfield>
    <subfield code="i">C749574</subfield>
    <subfield code="l">0</subfield>
    <subfield code="o">157.9 A779h e2</subfield>
    <subfield code="p">61000003557994</subfield>
    <subfield code="r">2023-04-20 00:00:00</subfield>
    <subfield code="t">2</subfield>
    <subfield code="w">2023-04-20</subfield>
    <subfield code="y">TESIS</subfield>
  </datafield>
  <datafield tag="952" ind1=" " ind2=" ">
    <subfield code="0">0</subfield>
    <subfield code="1">0</subfield>
    <subfield code="4">0</subfield>
    <subfield code="7">0</subfield>
    <subfield code="8">GENERAL</subfield>
    <subfield code="a">CISH</subfield>
    <subfield code="b">CISH</subfield>
    <subfield code="d">2016-10-05</subfield>
    <subfield code="i">C1252415</subfield>
    <subfield code="l">0</subfield>
    <subfield code="o">T-11902</subfield>
    <subfield code="p">15987422</subfield>
    <subfield code="r">2023-04-20 00:00:00</subfield>
    <subfield code="t">3</subfield>
    <subfield code="w">2023-04-20</subfield>
    <subfield code="y">TESIS</subfield>
  </datafield>
</record>
